[Event "Hradec Kralove Region-chT 2223"]
[Site "Czech Republic"]
[Date "2022.11.13"]
[Round "3.5"]
[White "Vanicek, Lukas1111"]
[Black "Bem, David"]
[Result "0-1"]
[WhiteElo "1733"]
[BlackElo "1910"]
[PlyCount "78"]
[EventDate "2022.10.09"]
[EventType "team-tourn"]
[EventRounds "11"]
[EventCountry "CZE"]
[SourceTitle "EXT 2024"]
[Source "ChessBase"]
[SourceDate "2023.10.10"]
[SourceVersion "1"]
[SourceVersionDate "2023.10.10"]
[SourceQuality "1"]

1. f4 d5 2. Nf3 c5 3. e3 g6 4. c3 Bg7 5. d4 cxd4 6. cxd4 Nf6 7. Nc3 0-0 8. Bd3 Nc6 9. a3 Bf5 10. Bxf5 gxf5 11. Ng5 e6 12. Bd2 Rc8 13. 0-0 Ne4 14. Ncxe4 dxe4 15. Bb4 Nxb4 16. axb4 a6 17. Rc1 Rxc1 18. Qxc1 Qd7 19. Rf2 Rc8 20. Rc2 Rxc2 21. Qxc2 Bf8 22. Qe2 f6 23. Nh3 Bxb4 24. Nf2 b5 25. g4 a5 26. gxf5 exf5 27. Nh1 Kf7 28. Ng3 Ke6 29. Qh5 Kd5 30. Nxf5 Kc4 31. Ng3 f5 32. Qd1 a4 33. Qc2+ Kd5 34. Qe2 Be7 35. Qh5 Kc4 36. Qf7+ Kd3 37. Nxf5 Qc8 38. Qxe7 Qxf5 39. Qa3+ Ke2 0-1

[Event "Hradec Kralove Region-chT 0506"]
[Site "Czech Republic"]
[Date "2006.01.22"]
[Round "6.6"]
[White "Hubka, Lubos"]
[Black "Bem, David"]
[Result "1-0"]
[WhiteElo "1840"]
[BlackElo "1797"]
[PlyCount "61"]
[EventDate "2005.10.23"]
[EventType "team-tourn"]
[EventRounds "11"]
[EventCountry "CZE"]
[SourceTitle "EXT 2024"]
[Source "ChessBase"]
[SourceDate "2023.10.10"]
[SourceVersion "1"]
[SourceVersionDate "2023.10.10"]
[SourceQuality "1"]
[WhiteTeam "Jaromer Jiskra"]
[BlackTeam "Dvur Kralove nad Labem"]
[WhiteTeamCountry "CZE"]
[BlackTeamCountry "CZE"]

1. e4 c6 2. d4 d5 3. exd5 cxd5 4. Bd3 Nc6 5. Ne2 e6 6. c3 Bd6 7. Nd2 Nf6 8. f4 Bd7 9. Qc2 Rc8 10. a3 Qb6 11. Nf3 Na5 12. 0-0 Nb3 13. Rb1 Bb5 14. Bxb5+ Qxb5 15. Be3 Na5 16. f5 Qd7 17. Ne5 Bxe5 18. dxe5 Ne4 19. f6 gxf6 20. exf6 b6 21. Ng3 Nc4 22. Bh6 Nxg3 23. hxg3 Qc7 24. Rbe1 Qxg3 25. Bf4 Qg6 26. Qa4+ Kd8 27. Qxa7 Re8 28. Bh2 h5 29. b3 Nb2 30. Qxb6+ Kd7 31. Qd6# 1-0

[Event "Hradec Kralove Region-chT 0506"]
[Site "Czech Republic"]
[Date "2006.01.08"]
[Round "5.6"]
[White "Machacek, Jiri"]
[Black "Bem, David"]
[Result "0-1"]
[WhiteElo "1740"]
[BlackElo "1797"]
[PlyCount "90"]
[EventDate "2005.10.23"]
[EventType "team-tourn"]
[EventRounds "11"]
[EventCountry "CZE"]
[SourceTitle "EXT 2024"]
[Source "ChessBase"]
[SourceDate "2023.10.10"]
[SourceVersion "1"]
[SourceVersionDate "2023.10.10"]
[SourceQuality "1"]
[WhiteTeam "Lipa III"]
[BlackTeam "Dvur Kralove nad Labem"]
[WhiteTeamCountry "CZE"]
[BlackTeamCountry "CZE"]

1. e4 e6 2. d4 d5 3. exd5 exd5 4. Nf3 Bd6 5. Bd3 Nf6 6. 0-0 0-0 7. Bg5 Bg4 8. h3 Bh5 9. Nbd2 Nbd7 10. c3 c6 11. Qc2 Bg6 12. Rfe1 Qc7 13. Re2 Rfe8 14. Rae1 Rxe2 15. Rxe2 Re8 16. Rxe8+ Nxe8 17. Bxg6 hxg6 18. Nf1 Nf8 19. Qe2 Ne6 20. g3 Nf6 21. N3d2 b6 22. Qe3 c5 23. Bxf6 gxf6 24. Nb3 a5 25. dxc5 bxc5 26. Qd2 a4 27. Nc1 Qc6 28. Qd1 d4 29. c4 Qa6 30. b3 axb3 31. Qxb3 Qc6 32. a4 f5 33. h4 Bc7 34. Nd2 Ba5 35. Nb1 Qe4 36. Nd3 Qe2 37. Na3 Bb4 38. Nc2 Qd1+ 39. Kg2 f4 40. Ndxb4 cxb4 41. Nxd4 Qxd4 42. Qxb4 Qe4+ 43. Kf1 Nd4 44. Qb8+ Kg7 45. Qxf4 Qh1# 0-1

[Event "Nachod op 9th"]
[Site "Nachod"]
[Date "2003.??.??"]
[Round "6"]
[White "Gogela, Jan"]
[Black "Bem, David"]
[Result "1-0"]
[WhiteElo "1955"]
[BlackElo "1645"]
[PlyCount "77"]
[EventDate "2003.??.??"]
[EventType "swiss"]
[EventRounds "9"]
[EventCountry "CZE"]
[SourceTitle "EXT 2007"]
[Source "ChessBase"]
[SourceDate "2006.11.23"]
[SourceVersion "1"]
[SourceVersionDate "2006.11.23"]
[SourceQuality "1"]

1. e4 e5 2. Nf3 Nc6 3. Bb5 Nf6 4. 0-0 d6 5. d4 exd4 6. Nxd4 Bd7 7. Re1 Be7 8. c4 0-0 9. Nc3 Ne5 10. Qe2 Bg4 11. f3 Bd7 12. Be3 a6 13. Bxd7 Qxd7 14. Rad1 Rfe8 15. b3 Rad8 16. Qf2 Ng6 17. Nf5 Qe6 18. Ne2 Nd7 19. h4 Bf6 20. h5 Ne7 21. Nf4 Qe5 22. Rd5 Nxd5 23. Nxd5 c5 24. Bf4 Qb2 25. Qxb2 Bxb2 26. Nxd6 Re6 27. Nxb7 Rc8 28. Nd6 Rc6 29. Nf5 Kf8 30. Nc7 Rf6 31. Rd1 Bd4+ 32. Nxd4 cxd4 33. Rxd4 Rxf4 34. Rxd7 Rh4 35. Nd5 g6 36. g4 gxh5 37. Rd8+ Kg7 38. Ne7 Rf6 39. g5 1-0